00360cam a22001097a 4500008004000000082002100040100002500061245005000086260004800136300001100184440005500195180718b1977 xxu||||| |||| 00| 0 eng d aA81x54 In2/71/24 aCensus of India 1971 aModernisation and elites in Arunachal Pradesh aDelhibThe Controller of Publicationsc1977 a167+p. aCensus of India 1971. Series-24, Arunachal Pradesh